Born in Ontario Quiz Stats

Quiz Updated Dec 13, 2017

Also try: Born in New York
Challenge
Share
Tweet
Score 0/16 Timer 04:00
0 Plays Today
% Correct
Justin Bieber
88.1%
Jim Carrey
88%
Mike Myers
87%
Drake
83.1%
Ryan Gosling
81.7%
John Candy
80.8%
Alex Trebek
79.8%
Howie Mandel
79.7%
% Correct
Wayne Gretzky
79.1%
Avril Lavigne
78%
Martin Short
69.8%
Shania Twain
65.6%
Neil Young
61.3%
Rachel McAdams
57%
Michael Cera
56%
James Cameron
41.7%

You're not logged in!

Compare scores with friends on all Sporcle quizzes.
Sign Up with Email
OR
Log In

You Might Also Like...

Show Comments

Extras

Top Quizzes Today


Score Distribution

Your Account Isn't Verified!

In order to create a playlist on Sporcle, you need to verify the email address you used during registration. Go to your Sporcle Settings to finish the process.